Mut zum markt

Saved in:
Bibliographic Details
Main Author: Friderichs, Hans
Format: Book
Language:Undetermined
Published: Stuttgart Verlag Bonn Aktuell GmbH 1974
Subjects:
Tags: Add Tag
No Tags, Be the first to tag this record!
Institutions: Trung tâm Học liệu Trường Đại học Cần Thơ
LEADER 00540nam a2200193Ia 4500
001 CTU_81761
008 210402s9999 xx 000 0 und d
082 |a 382 
082 |b A315 
100 |a Friderichs, Hans 
245 0 |a Mut zum markt 
245 0 |c Hans Friderichs 
260 |a Stuttgart 
260 |b Verlag Bonn Aktuell GmbH 
260 |c 1974 
650 |a Agriculture and state,Regional planning 
650 |z Germany (west),Germany (west) 
904 |i Trọng Hải 
980 |a Trung tâm Học liệu Trường Đại học Cần Thơ